00463nam a2200181Ia 4500003000400000005001700004008004100021020001800062040000700080041000800087082001300095100002400108245007500132250000600207260003800213300001600251365001400267OSt20230328150357.0210423s2008 xx 000 0 und d a9781412952361 cAL aeng a301 KIVP aKIVISTO (Peter),Ed. aIlluminating social life: Classical and Contemporary theory reuisited. a4 aNew DelhibPine Forge Pressc2008 axvi,368bPB b1946cINR